000 02755cam a2200361 4500500
005 20260208023841.0
041 _afre
042 _adc
100 1 0 _aUllmo, Sylvia
_eauthor
245 0 0 _aL'École et l'(in)égalité des chances aux États-Unis : effets pernicieux du fédéralisme ou fondement idéologique de la démocratie américaine ?
260 _c2009.
500 _a12
520 _aCet article porte sur les difficultés du système scolaire américain depuis le constat qui en a été fait en 1983 dans A Nation at Risk : the Imperative for Educational Reform. Le rapport relevait la dégradation des performances des écoliers américains depuis " les années Spoutnik " et rappelait que le contrat national à l'égard des enfants était de fournir à chacun d'entre eux une éducation de qualité. Aujourd'hui, études et analyses montrent pourtant la grande inégalité des conditions scolaires et des performances des écoliers américains.
520 _aThis paper contends that, contrary to the promises stated in A Nation at Risk, all American children are not “entitled to a fair chance,” to an education that will enable them to secure “gainful employment.” Because school budgets depend on the prosperity or poverty levels of their location, the quality of education provided is mostly unequal and accounts for the unequal performances among American students. Because American students do not stand high in international comparisons, several reforms have been introduced, but none of them addressed the problem of unequal school budgets. In spite of the fundamental principle that America provides “equal chances” to all, the school system is flawed by the refusal to interfere with the values of individual responsibility and by the distribution of responsibility between the federal and the local state authorities. Given the ideological basis of American democracy, there is little hope of seeing the gap between white and minority school performances narrow.
690 _aCaroline du Nord
690 _aécole
690 _aégalité des chances
690 _afédéralisme
690 _aNo Child Left Behind
690 _aperformance scolaire
690 _aréforme du système scolaire
690 _aresponsabilisation
690 _aaccountability
690 _aequal chances
690 _afederalism
690 _aNo Child Left Behind
690 _aNorth Carolina
690 _aschool
690 _aschool performance
690 _aschool reform
786 0 _nRevue française d’études américaines | 119 | 1 | 2009-06-09 | p. 67-79 | 0397-7870
856 4 1 _uhttps://shs.cairn.info/revue-francaise-d-etudes-americaines-2009-1-page-67?lang=fr&redirect-ssocas=7080
999 _c1661591
_d1661591